| 000 | 00696nam a22001817a 4500 | ||
|---|---|---|---|
| 999 |
_c61979 _d61979 |
||
| 003 | Ge_BSU | ||
| 005 | 20240618160800.0 | ||
| 008 | 240618s1963 ge ||||| |||| 00| 0 geo d | ||
| 041 | _ageo | ||
| 080 | _a613 ს-96 | ||
| 100 |
_aსურმანიძე, რ. _918395 |
||
| 245 |
_aსაუბარი ჰიგიენის საკითხებზე / _cრ. სურმანიძე; რედ. ლ. გელაძე. |
||
| 264 |
_aბათუმი : _bსახელგამი, _c1963. |
||
| 300 |
_a43 გვ. ; _b17 სმ. |
||
| 653 | _aჰიგიენა | ||
| 700 |
_aგელაძე, ლ. _eრედაქტორი _922478 |
||
| 942 |
_2udc _cᲬᲘᲒᲜᲘ |
||